000 00540nam a2200157 a 4500
001 000028238
005 20200930031451.0
008 110407s1982 dr ac 000 0 spa d
040 _aDO-SdBNP
_bspa
_cBNPHU
110 1 _aInstituto Nacional de la Vivienda (INVI)
_955233
245 1 0 _a20 años trabajando por el derecho a la vivienda :. :
_b(mayo 1962- mayo 1982) /
_cInstituto Nacional de la Vivienda.
260 _aSanto Domingo, :
_bINVI,
_c1982.
300 _a59 p. ; :
_bil. rests. ;
_c21 cm.
500 _aIncluye índice
049 _aBNPD
999 _c27730
_d27730